000 00917nam a22002177a 4500
003 NALT
005 20251125232822.0
008 s2540 th tha d
020 _a9748959198
040 _aNALT
041 _atha
050 _aJC 571
_bค123ส 2540
245 1 0 _aสิทธิมนุษยชน / คณะกรรมการประสานงานองค์กรสิทธิมนุษยชน (กปส.)
260 3 _aกรุงเทพฯ :
_bคณะกรรมการประสานงานองค์กรสิทธิมนุษยชน (กปส.),
_c2540
300 _a275 หน้า ;
_b 26 ซม.
650 0 4 _aสิทธิมนุษยชน
850 _aNALT
856 4 0 _uhttps://hdl.handle.net/20.500.14156/301717
942 _cGB
_2lcc
999 _c9231
_d9231
998 _j109
_k นางสาวอารีรัตน์ วิชาช่าง